000 00584nam a2200169Ia 4500
008 090711s9999 xx 000 0 und d
082 _b11948
100 _aजोग ब. ना.
245 _aआधुनिक भारतातील यक्षप्रश्न
260 _c1963
300 _a124
600 _aजोग ब. ना.
630 _aआधुनिक भारतातील यक्षप्रश्न
700 _aजोग ब. ना.
730 _aआधुनिक भारतातील यक्षप्रश्न
942 _cBOOK
999 _c292856
_d292856